00495nam a2200145 4500001000700000003000900007005001700016007000300033008004100036100002300077245016700100260004700267300000800314852002700322109015ES-MaACL20230906184747.0t|061121s1936 po r ||||1| por d1 aMoya, Salvador de.10aOs paulistas no Triangulo Mineiro b: Informaçâo prestada ao chefe do Estado-Maior no inquireto policial da Delegacia Regional de Uberaba /cSalvador de Moya. aSâo Paulo : bJoâo Bentivegna, c1936. a2v. aES-MaACLj1820-F-16-17